| 000 | 00751nam a2200205Ia 4500 | ||
|---|---|---|---|
| 005 | 20251020182520.0 | ||
| 008 | 200515s9999 xx 000 0 und d | ||
| 082 | _a69.057.5/G21 | ||
| 100 | _aGALLEGOS CASTAÑEDA, Javier | ||
| 245 | 0 | _aLos encofrados deslizantes : técnica y utilización | |
| 250 | _a3a ed. | ||
| 260 | _aLima | ||
| 260 | _c1992 | ||
| 500 | _a1 ejemplar | ||
| 520 | _a...Constituye un aporte para la ejecución de obras con la ayuda de encofrados deslizantes y debe ser considerado una buena guía para el Ing. Proyectista y apoyo efectivo para el Ing. Ejecutor de la obra. Tiene carácter de Manual de Construcción para los p | ||
| 650 | _aENCOFRADOS | ||
| 650 | _aENCOFRADOS DESLIZANTES | ||
| 650 | _aLIB | ||
| 942 | _cLIB | ||
| 999 |
_c1728 _d1728 |
||